Click the Movie Title Ending #5 - Statistics

General Stats
  • This quiz has been taken 138 times
  • The average score is 20 of 24
Answer Stats
Hint Answer % Correct
Independence Day
97%
Final Destination
96%
Top Gun
96%
Mad Max
96%
Fantastic Four
95%
Gone Girl
94%
Darkest Hour
94%
Batman Begins
93%
Django Unchained
93%
Scary Movie
92%
Primal Fear
88%
Shutter Island
88%
Total Recall
88%
Sunet Boulevard
86%
Road Trip
86%
Old School
83%
Tropic Thunder
82%
White Chicks
80%
Practical Magic
70%
Roman Holiday
68%
American Graffiti
67%
Wind River
63%
Red Eye
62%
Killer's Kiss
57%
No matching quizzes found
Score Distribution
Percent of People with Each Score
Percentile by Number Answered
Your Score History
You have not taken this quiz